Limity prevodu majetku spoločníka na obchodnú spoločnosť

Zmluvy o prevode majetku medzi obchodnými spoločnosťami patria medzi najčastejšie kontrakty v obchodnom styku obchodných korporácií. Vedľa tejto veľkej skupiny rôznych zmluvných typov o prevode majetku sa však v obchodnej praxi vyskytujú aj prevody majetku obchodnej spoločnosti na spoločníka a takis...

Ausführliche Beschreibung

Gespeichert in:
Bibliographische Detailangaben
1. Verfasser: Čurila, Dušan
Format: Buchkapitel
Sprache:Slowakisch
Schlagworte:
Tags: Tag hinzufügen
Keine Tags, Fügen Sie das erste Tag hinzu!

MARC

LEADER 00000naa a2200000 4500
001 0229505
005 20230113071537.4
041 0 |a slo 
044 |a SK 
245 1 0 |a Limity prevodu majetku spoločníka na obchodnú spoločnosť  |c Dušan Čurila 
520 |a Zmluvy o prevode majetku medzi obchodnými spoločnosťami patria medzi najčastejšie kontrakty v obchodnom styku obchodných korporácií. Vedľa tejto veľkej skupiny rôznych zmluvných typov o prevode majetku sa však v obchodnej praxi vyskytujú aj prevody majetku obchodnej spoločnosti na spoločníka a takisto aj prevody majetku zo spoločníka na obchodnú spoločnosť. Prevody majetku zo spoločníka na obchodnú spoločnosť. 
610 2 0 |a úpravy právne 
610 2 0 |a spoločnosti obchodné 
610 2 0 |a prevod majetku 
610 2 0 |a spoločníci 
610 2 0 |a zákonník obchodný 
100 1 |a Čurila, Dušan